000 00467nam a22001577a 4500
003 macl
005 20190306132136.0
008 190306b xxu||||| |||| 00| 0 eng d
040 _cmacl
082 _a891.433/GAR/N
100 _aमृदुला गर्ग
_945541
245 _aमैं और मैं
260 _aदिल्‍ली
_bराजकमल प्रकाशन
_c2014
650 _aउपन्‍यास
_973795
942 _2ddc
_cHIN
999 _c58995
_d58995